000 00712nam a2200289Ia 4500
005 20260324123958.0
008 008 260324s9999 xx 000 0 eng d
020 _a9781315125695
037 _aEBOOK
040 _aCRL
040 _beng
040 _cCRL
041 _2eng
041 _aeng
084 _qCRL
100 _aIvar Oxaal
_91172386
245 0 _aOn the Trail to Wittgenstein's Hut
245 4 _bThe Historical Background of the Tractatus Logico-philosphicus
260 _bTaylor and Francis
260 _c2011
365 _a
365 _b230
856 _uhttp://www.taylorfrancis.com/books/9781315125695
942 _cEBOOK
999 _c1766373
_d1766373